00330nam a2200121Ia 4500008004100000020001800041100002700059245003900086250000600125260002500131500002400156650002800180230524s9999 xx 000 0 und d a9788183556071 awww.gkpublications.com 0aGATE 2013 - Mechanical Engineering a1 aNew DelhibGKPc2012 aQuantity Number: 2 aPersonality Development